INTERNATIONAL YEAR BOOK ON LAW COMPUTERS &TECHNOLOGY (Record no. 11234)
[ view plain ]
| 000 -LEADER | |
|---|---|
| fixed length control field | 00239nam a22001097a 4500 |
| 003 - CONTROL NUMBER IDENTIFIER | |
| control field | SGT |
| 082 ## - DEWEY DECIMAL CLASSIFICATION NUMBER | |
| Classification number | 340,JON |
| 100 ## - MAIN ENTRY--PERSONAL NAME | |
| Personal name | JONS,RICHARD |
| 245 ## - TITLE STATEMENT | |
| Title | INTERNATIONAL YEAR BOOK ON LAW COMPUTERS &TECHNOLOGY |
| 300 ## - PAGE DESCRIPTION | |
| No. of Pages | 362 |
| 942 ## - ADDED ENTRY ELEMENTS (KOHA) | |
| Source of classification or shelving scheme | Dewey Decimal Classification |
| Koha item type | Books |
| Withdrawn status | Lost status | Source of classification or shelving scheme | Damaged status | Not for loan | Collection code | Home library | Current library | Shelving location | Date acquired | Vendor Name | SGTU | Full call number | Accession No. (Barcode) | Date last seen | Bill Date | Koha item type |
|---|---|---|---|---|---|---|---|---|---|---|---|---|---|---|---|---|
| Dewey Decimal Classification | Not For Loan | LAW | SGT Science & Social Sciences Library | SGT Science & Social Sciences Library | Reference Book | 16/03/2017 | DONATE | SGTU | 340,JON | FL904 | 16/03/2017 | 16/03/2017 | Books |